Terénní automobily : encyklopedie /

Hlavní autor: Fiala, Jiří, 1953-
Jazyk: Čeština
Vydáno: Čestlice : Rebo, 2006
Vydání: 2. vyd.
Témata:
Fyzický popis: 304 s. : barev. il. ; 25 cm
Knihy
Uloženo v:
LEADER 01157nam a2200361 a 4500
001 nkc20061652980
003 CZ PrNK
005 20060628111301.0
007 ta
008 060427s2006 xr a e e 001 0 cze
015 |a cnb001652980 
020 |a 80-7234-609-1  |q (váz.) 
035 |a (OCoLC)85722136 
040 |a OLA001  |b cze  |d ABA001 
072 7 |a 629  |x Dopravní prostředky  |2 Konspekt  |9 19 
080 |a 629.373.3  |2 MRF 
080 |a (031)  |2 MRF 
100 1 |a Fiala, Jiří,  |d 1953-  |7 xx0027581  |4 aut  |4 pht 
245 1 0 |a Terénní automobily :  |b encyklopedie /  |c Jiří Fiala 
246 3 0 |a Encyklopedie Terénní automobily 
250 |a 2. vyd. 
260 |a Čestlice :  |b Rebo,  |c 2006 
300 |a 304 s. :  |b barev. il. ;  |c 25 cm 
504 |a Obsahuje bibliografii a rejstřík 
650 0 7 |a terénní vozidla  |7 ph116441  |2 czenas 
650 0 9 |a off-road vehicles  |2 eczenas 
655 7 |a encyklopedie  |7 fd132201  |2 czenas 
655 9 |a encyclopedias  |2 eczenas 
910 2 |a BOA001  |b 2-1169.880 
990 |a BK 
995 |a 01 
991 |b 200606  |c NOV 
996 6 |b 2610279948  |c 2-1169.880  |l MZK  |r Sklad / do 1 hodiny  |n 0  |p p.v.  |w 000817314  |u 000010  |a 1  |e BOA001  |j MZK50  |s P